00586nam a2200169Ia 4500999001700000003000400017005001700021008004100038040000600079082001900085100002700104245012900131260004100260300001200301942001200313952009100325 c30106d30106OSt20250729162620.0250310s9999||||xx |||||||||||||| ||und|| c. a900.058bS8197 96242aSteinberg, S. H. 0aThe Statesman's Year-Book: Statistical and Historical Annual of the States of the World for the Year 1960 /cS. H. Steinberg aLondon :bMacmillan & co ltd,c1960. a1675 p. cBK2ddc 00102ddc4070aCLbCLd2025-03-10o900.058 S8197pF00969r2025-03-10w2025-03-10yBK